[Event "29th Avoine Open 2014"]
[Site "Avoine FRA"]
[Date "2014.07.27"]
[Round "9.4"]
[White "Haub, Thorsten Michael"]
[Black "Inkiov, Ventzislav"]
[Result "1/2-1/2"]
[WhiteTitle "IM"]
[BlackTitle "GM"]
[WhiteElo "2429"]
[BlackElo "2428"]
[WhiteFideId "4610776"]
[BlackFideId "2900033"]
[EventDate "2014.07.19"]

1. g3 c5 2. Bg2 Nc6 3. d3 d5 4. Nf3 e5 5. O-O Nf6 6. Bg5 Be7 7. Nfd2 Ng8 8. Bxe7
Ngxe7 9. c4 O-O 10. Nc3 Be6 11. a3 f6 12. Rb1 dxc4 13. Nxc4 Nd5 14. Rc1 b6 15.
Ne3 Nxe3 16. fxe3 Rc8 17. Qa4 Na5 18. Qh4 Nb3 19. Rcd1 f5 20. Qh5 Qd7 21. g4 g6
22. Qg5 Qg7 23. gxf5 gxf5 24. Qh4 Rf6 25. Rf3 Rh6 26. Qf2 Rg6 27. Rg3 Rxg3 28.
Qxg3 Rf8 29. Kf2 f4 30. Qxg7+ Kxg7 31. Be4 fxe3+ 32. Kxe3 Nd4 1/2-1/2

[Event "29th Avoine Open 2014"]
[Site "Avoine FRA"]
[Date "2014.07.27"]
[Round "9.5"]
[White "Delorme, Alban"]
[Black "Vedmediuc, Serghei"]
[Result "0-1"]
[WhiteTitle "FM"]
[BlackTitle "IM"]
[WhiteElo "2292"]
[BlackElo "2430"]
[WhiteFideId "623636"]
[BlackFideId "13900790"]
[EventDate "2014.07.19"]

1. e4 c5 2. Nf3 Nc6 3. d4 cxd4 4. Nxd4 Qb6 5. Nb3 e6 6. Nc3 Nf6 7. Qe2 Bb4 8.
Bd2 O-O 9. O-O-O d5 10. e5 Bxc3 11. Bxc3 Ne4 12. Bd4 Nxd4 13. Nxd4 Bd7 14. Qe3
f6 15. f3 fxe5 16. fxe4 exd4 17. Qxd4 Qxd4 18. Rxd4 Rf4 19. g3 Rxe4 20. Rxe4
dxe4 21. Bg2 Bc6 22. Re1 Rd8 23. Bxe4 Bxe4 24. Rxe4 Kf7 25. c4 Kf6 26. Kc2 e5
27. b4 Kf5 28. Re2 Rd7 29. Rf2+ Ke4 30. Re2+ Kf5 31. Rf2+ Ke6 32. Re2 Rf7 33.
Kd3 Rf3+ 34. Re3 Rf2 35. Re2 Rf3+ 36. Re3 Rf1 37. Re2 h5 38. a4 b6 39. Kc3 Rf3+
40. Kb2 0-1

[Event "29th Avoine Open 2014"]
[Site "Avoine FRA"]
[Date "2014.07.27"]
[Round "9.6"]
[White "Okhotnik, Vladimir"]
[Black "Purenne, Benoit"]
[Result "1-0"]
[WhiteTitle "GM"]
[WhiteElo "2396"]
[BlackElo "2225"]
[WhiteFideId "14101289"]
[BlackFideId "602337"]
[EventDate "2014.07.19"]

1. e4 c5 2. Nf3 g6 3. c3 Bg7 4. d4 cxd4 5. cxd4 d5 6. e5 Nh6 7. Bf4 Bg4 8. Bb5+
Nc6 9. Bxc6+ bxc6 10. Nbd2 O-O 11. h3 Bf5 12. O-O Qb6 13. Nb3 Be4 14. Ne1 f6 15.
exf6 exf6 16. Qd2 g5 17. Bh2 Rfe8 18. Nc5 Bg6 19. Rc1 Nf7 20. b3 f5 21. h4 gxh4
22. Nf3 h3 23. gxh3 Rad8 24. Qc3 Bh6 25. Rce1 Re4 26. Nxe4 dxe4 27. Ne5 Nxe5 28.
Bxe5 f4 29. Qc4+ Bf7 30. Qe2 c5 31. Qg4+ Qg6 32. dxc5 Qxg4+ 33. hxg4 Bd5 34. Rd1
Kf7 35. f3 exf3 36. c6 Ke6 37. Rfe1 1-0

[Event "29th Avoine Open 2014"]
[Site "Avoine FRA"]
[Date "2014.07.27"]
[Round "9.7"]
[White "Burri, Quentin"]
[Black "Manea, Alexandru"]
[Result "0-1"]
[BlackTitle "IM"]
[WhiteElo "2135"]
[BlackElo "2373"]
[WhiteFideId "26028654"]
[BlackFideId "1207660"]
[EventDate "2014.07.19"]

1. e4 d5 2. exd5 Qxd5 3. Nc3 Qa5 4. d4 Nf6 5. Bd2 c6 6. Bd3 Bg4 7. f3 Bh5 8.
Nge2 Bg6 9. Nf4 Qd8 10. Be3 e6 11. Qd2 Nbd7 12. O-O-O Qa5 13. Qe2 Bb4 14. Nxg6
hxg6 15. Bd2 Qb6 16. Ne4 Bxd2+ 17. Rxd2 Nxe4 18. Bxe4 O-O-O 19. g3 Nf6 20. Rhd1
Rd7 21. c3 Qa5 22. Kb1 Rh3 23. f4 Nxe4 24. Qxe4 Qf5 25. Re1 c5 26. Qxf5 gxf5 27.
Kc2 cxd4 28. cxd4 Rh8 29. Kd3 Rhd8 30. Ke3 Rc7 31. Red1 Rd5 32. h3 Kd7 33. g4
Kd6 34. g5 g6 35. h4 Ra5 36. a3 Rb5 37. b4 Rc3+ 38. Rd3 Rc8 39. Kf3 a6 40. R1d2
Kd5 41. Ke3 a5 42. bxa5 Rc1 43. Kf2 0-1

[Event "29th Avoine Open 2014"]
[Site "Avoine FRA"]
[Date "2014.07.27"]
[Round "9.8"]
[White "Bon, Michael"]
[Black "Sgircea, Silvia-Raluca"]
[Result "1/2-1/2"]
[WhiteTitle "FM"]
[BlackTitle "WIM"]
[WhiteElo "2353"]
[BlackElo "2207"]
[WhiteFideId "620696"]
[BlackFideId "1213776"]
[EventDate "2014.07.19"]

1. e4 c5 2. Nf3 Nc6 3. d4 cxd4 4. Nxd4 g6 5. c4 Nf6 6. Nc3 Nxd4 7. Qxd4 d6 8.
Bg5 Bg7 9. Qd2 O-O 10. Bd3 a5 11. O-O a4 12. Kh1 Qa5 13. f4 h6 14. Bh4 Bd7 15.
Rac1 Bc6 16. Qe2 a3 17. b3 Nd7 18. Be1 Qd8 19. Bd2 Nc5 20. Bb1 b6 21. Rf3 Ne6
22. Rg3 Nd4 23. Qf2 e6 24. Rd1 Qf6 25. Be3 e5 1/2-1/2

[Event "29th Avoine Open 2014"]
[Site "Avoine FRA"]
[Date "2014.07.27"]
[Round "9.9"]
[White "Lukasiewicz, Krzysztof"]
[Black "Sochacki, Christophe"]
[Result "0-1"]
[BlackTitle "IM"]
[WhiteElo "1791"]
[BlackElo "2449"]
[WhiteFideId "1166042"]
[BlackFideId "662569"]
[EventDate "2014.07.19"]

1. e4 g6 2. d4 Nf6 3. Nc3 d5 4. exd5 Nxd5 5. Nxd5 Qxd5 6. Nf3 Bg7 7. Be2 c5 8.
dxc5 Qxc5 9. c3 O-O 10. Be3 Qc7 11. O-O Rd8 12. Qa4 Nc6 13. Qh4 Bf5 14. Bf4 Qb6
15. Bc4 Na5 16. Bxf7+ Kxf7 17. Ng5+ Kf8 18. Rfe1 h5 19. Nh7+ Kg8 20. Rxe7 Nc6 0-1

[Event "29th Avoine Open 2014"]
[Site "Avoine FRA"]
[Date "2014.07.27"]
[Round "9.10"]
[White "Song, Julien"]
[Black "Ribeiro, Romain"]
[Result "1/2-1/2"]
[WhiteTitle "IM"]
[WhiteElo "2417"]
[BlackElo "2204"]
[WhiteFideId "659487"]
[BlackFideId "627275"]
[EventDate "2014.07.19"]

1. d4 Nf6 2. c4 c5 3. d5 e6 4. Nc3 exd5 5. cxd5 g6 6. Nf3 Bg7 7. Bf4 Qb6 8. Qc1
O-O 9. g3 Nh5 10. Bd2 d6 11. Bg2 Re8 12. O-O Nd7 13. Rb1 Ne5 14. Nxe5 Bxe5 15.
Bf3 Ng7 16. Bf4 Nf5 17. Bxe5 Rxe5 18. e3 Bd7 19. Qd2 h5 20. Bg2 1/2-1/2